000 00403nam a2200157Ia 4500
008 210716s2005 xx 000 0 und d
020 _a8176296384
041 _aeng
082 _a332.632 VERS
100 _aVerna, S B.
245 _aRisk management.
250 _a1
260 _aNew Delhi
_bDeep and deep publications pvt. ltd
_c2005
300 _axv,507
650 _aRisk Management & Derivatives
999 _c203268
_d203268